| 000 | 01732cam a2200289Ia 4500 | ||
|---|---|---|---|
| 001 | ocm38822546 | ||
| 005 | 20171117110035.0 | ||
| 008 | 171117s1997 nyu b 001 0 eng d | ||
| 010 | _a 96049432 | ||
| 020 | _a0609801724 | ||
| 020 | _a9780609801727 | ||
| 029 | 1 |
_aAU@ _b000054898065 |
|
| 035 |
_a(OCoLC)38822546 _z(OCoLC)48629697 _z(OCoLC)793426400 _z(OCoLC)964601392 |
||
| 040 |
_aCo-BoUCM _bspa _cSaul Niño _dSaul Niño |
||
| 041 | 0 | _aeng | |
| 100 | 1 |
_aWeatherford, J. McIver _989145 |
|
| 245 | 1 | 4 |
_aThe history of money _bfrom sandstone to cyberspace _cJack Weatherford. |
| 260 |
_aNew York _bThree Rivers Press _c1997 |
||
| 300 | _axv, 288 páginas | ||
| 505 | 0 | 0 |
_g1. _tCannibals, chocolate, and cash -- _g2. _tThe fifth element -- _g3. _tThe premature death of money -- _g4. _tKnights of commerce -- _g5. _tThe Renaissance : new money for old art -- _g6. _tThe golden curse -- _g7. _tThe birth of the dollar -- _g8. _tThe devil's mint -- _g9. _tMetric money -- _g10. _tThe gold bug -- _g11. _tThe yellow brick road -- _g12. _tThe golden playpen of politics -- _g13. _tWild money and the stealth tax -- _g14. _tThe cash ghetto -- _g15. _tInterlude in plastic -- _g16. _tThe erotic life of electronic money -- _g17. _tThe art of currency terror -- _g18. _tThe age of money. |
| 520 | _aTraces the historical evolution of humankind's relationship with money, from ancient times to the present-day revolutionary transformation in the meaning and use of money as represented by the electronic cash card, and discusses the implications of such changes. | ||
| 546 | _aTexto en inglés | ||
| 650 | 7 |
_aMoneda _xHistoria _929104 |
|
| 650 | 7 |
_aFinanzas _97628 |
|
| 942 |
_2DEWEY _a21 _cLIBRO _e1 _h332.49 _mW362h |
||
| 999 |
_c308032 _d308032 |
||